Symboles des Éléments Chimiques (Aléatoire) - Statistiques

Statistiques générales
  • Ce quiz a été pris 124 fois
  • Le résultat moyen est 17 sur 20
Statistiques - réponses
Élément Symbole chimique associé % Correct
Actinium Ac
100%
Argent Ag
100%
Aluminium Al
100%
Américium Am
100%
Argon Ar
100%
Arsenic As
100%
Bore B
100%
Baryum Ba
100%
Bismuth Bi
100%
Brome Br
100%
Carbone C
100%
Calcium Ca
100%
Cérium Ce
100%
Californium Cf
100%
Chlore Cl
100%
Cobalt Co
100%
Césium Cs
100%
Cuivre Cu
100%
Darmstadtium Ds
100%
Erbium Er
100%
Fer Fe
100%
Gallium Ga
100%
Germanium Ge
100%
Hydrogène H
100%
Hélium He
100%
Hafnium Hf
100%
Holmium Ho
100%
Hassium Hs
100%
Iode I
100%
Iridium Ir
100%
Krypton Kr
100%
Lithium Li
100%
Lutécium Lu
100%
Magnésium Mg
100%
Meitnérium Mt
100%
Azote N
100%
Néon Ne
100%
Nihonium Nh
100%
Nickel Ni
100%
Polonium Po
100%
Praséodyme Pr
100%
Radium Ra
100%
Rhénium Re
100%
Rhodium Rh
100%
Soufre S
100%
Sélénium Se
100%
Silicium Si
100%
Samarium Sm
100%
Strontium Sr
100%
Tantale Ta
100%
Terbium Tb
100%
Technétium Tc
100%
Titane Ti
100%
Thallium Tl
100%
Xénon Xe
100%
Yttrium Y
100%
Zinc Zn
100%
Zirconium Zr
100%
Fluor F
92%
Oxygène O
91%
Oganesson Og
91%
Ytterbium Yb
91%
Lawrencium Lr
90%
Manganèse Mn
90%
Platine Pt
89%
Tennesse Ts
89%
Francium Fr
88%
Livermorium Lv
88%
Plutonium Pu
88%
Scandium Sc
88%
Tellure Te
88%
Europium Eu
86%
Gadolinium Gd
86%
Lanthane La
86%
Béryllium Be
83%
Dubnium Db
83%
Potassium K
83%
Neptunium Np
83%
Osmium Os
83%
Palladium Pd
82%
Ruthénium Ru
82%
Or Au
80%
Berkélium Bk
80%
Dysprosium Dy
80%
Flérovium Fl
80%
Fermium Fm
80%
Mendélévium Md
80%
Nobélium No
80%
Plomb Pb
80%
Vanadium V
80%
Curium Cm
78%
Molybdène Mo
78%
Cadmium Cd
75%
Prométhium Pm
75%
Uranium U
75%
Thorium Th
73%
Seaborgium Sg
71%
Einsteinium Es
70%
Moscovium Mc
70%
Chrome Cr
67%
Niobium Nb
67%
Néodyme Nd
67%
Phosphore P
67%
Rubidium Rb
67%
Rutherfordium Rf
67%
Roentgenium Rg
67%
Radon Rn
67%
Thulium Tm
67%
Bohrium Bh
60%
Indium In
60%
Protactinium Pa
60%
Tungstène W
57%
Copernicium Cn
56%
Sodium Na
50%
Antimoine Sb
50%
Astate At
33%
Mercure Hg
30%
Étain Sn
25%
Aucun quiz correspondant
Distribution des résultats
% des personnes avec chaque résultat
Percentile par nombre de réponses
Votre historique - résultats
Vous n’avez pas pris ce quiz